000 00616nam a2200205 u 4500
005 20240924071258.0
008 121122s2000 es r 000 0 spa d
020 _a8477207941
035 _aUPN01000188872
049 _aI
050 4 _aPZ75
_bD3.6
100 1 _aDavid, Lawrence
_933932
245 1 3 _aEl niño escarabajo /
_cLawrence David ; il. Delphine Durand ; tr. Veronica D'Ornellas.
260 _aBarcelona, Esp. :
_bObelisco,
_c2000.
300 _a[32] p. :
_bil. col.
650 4 _aLiteratura infantil
_94445
650 4 _aLibros y lectura para niños
_92290
905 _aInfantil
999 _c160975
_d160975